[Event "St. Pauli Open 2012"]
[Site "Hamburg GER"]
[Date "2012.07.12"]
[Round "6.7"]
[White "Krause,Benedict"]
[Black "Fries Nielsen,JO"]
[Result "1-0"]
[WhiteElo "1985"]
[BlackElo "2376"]

1.e4 c5 2.Nf3 Nc6 3.Bb5 h6 4.Bxc6 dxc6 5.d3 Qc7 6.Be3 e5 7.Nc3 Nf6 8.h3 Be6
9.Qe2 Be7 10.b3 Nh5 11.g3 g6 12.Na4 b6 13.O-O-O Nf6 14.Qd2 c4 15.Qc3 cxd3
16.cxd3 Bd6 17.Nd2 Nd7 18.d4 b5 19.Nc5 Nxc5 20.dxc5 Be7 21.f4 a5 22.Qxe5 Qxe5
23.fxe5 a4 24.Kb2 b4 25.Nf3 Ra5 26.Nd4 Bd7 27.bxa4 Rxa4 28.e6 fxe6 29.Nf3 Ra3
30.Bd4 O-O 31.Ne5 Be8 32.Rd3 Ra5 33.Rc1 Bf6 34.Rf1 Ra8 35.Rdf3 Bg7 36.Rxf8+ Bxf8
37.Ng4 Bg7 38.Bxg7 Kxg7 39.Rd1 Ra3 40.Rd8 Kf8 41.Rb8 Ke7 42.Rxb4 Rxg3 43.Rb7+ Kd8
44.Nf6 Rxh3 45.Rb8+ Ke7 46.Nxe8 g5 47.Nd6 g4 48.Rg8 h5 49.a4 Rh2+ 50.Kb3 Rh1
51.a5 Ra1 52.Nc4  1-0

[Event "5th Int ch-Central Serbia 2012"]
[Site "Paracin SRB"]
[Date "2012.07.12"]
[Round "8.32"]
[White "Blazeka,M"]
[Black "Colovic,Z"]
[Result "1/2-1/2"]
[WhiteElo "2216"]
[BlackElo "2129"]

1.e4 c5 2.Nf3 Nc6 3.Bb5 Nd4 4.Nxd4 cxd4 5.O-O e6 6.c3 a6 7.Be2 Bc5 8.d3 Ne7
9.Nd2 Nc6 10.Nb3 Ba7 11.cxd4 Nxd4 12.Be3 Qf6 13.Nxd4 Bxd4 14.Bxd4 Qxd4 15.Qb3 O-O
16.Rac1 b5 17.Rc7 Ra7 18.Rfc1 Rxc7 19.Rxc7 Qd6 20.Qc3 Bb7 21.Qc5 Qxc5 22.Rxc5 Bc6
23.f4 f6 24.Kf2 Kf7 25.Ke3 Ke7 26.Bf3 h6 27.h4  1/2-1/2

[Event "87th ch-Paris IdF Open"]
[Site "Paris FRA"]
[Date "2012.07.12"]
[Round "6.3"]
[White "Guliyev,N"]
[Black "Sochacki,C"]
[Result "0-1"]
[WhiteElo "2539"]
[BlackElo "2406"]

1.e4 c5 2.Nf3 Nc6 3.Bb5 g6 4.Bxc6 dxc6 5.d3 Bg7 6.Nc3 e5 7.Be3 b6 8.h3 Qe7
9.Qd2 h6 10.O-O Nf6 11.a3 Be6 12.b4 Nd7 13.bxc5 f5 14.exf5 gxf5 15.Rfe1 f4
16.Bxf4 exf4 17.Rxe6 Qxe6 18.Re1 Ne5 19.Nxe5 Bxe5 20.Qe2 Kd7 21.Qh5 Rae8
22.d4 Rhg8 23.dxe5 Rg5 24.Qf3 Reg8 25.Rd1+ Kc7 26.Re1 Rxg2+ 27.Qxg2 f3 28.Qg3 Rxg3+
29.fxg3 Qxh3  0-1

[Event "5th Open d'Ille et Vilaine"]
[Site "Rennes FRA"]
[Date "2012.07.12"]
[Round "9.10"]
[White "Bolon,K"]
[Black "Blanchard,Simon"]
[Result "1/2-1/2"]
[WhiteElo "2107"]
[BlackElo "1636"]

1.e4 c5 2.Nf3 Nc6 3.Bb5 Nf6 4.Bxc6 dxc6 5.e5 Nd5 6.d3 Bg4 7.h3 Bh5 8.e6 Qc7
9.exf7+ Bxf7 10.Ng5 e6 11.Qf3 h6 12.Qxf7+ Qxf7 13.Nxf7 Kxf7 14.a3 Bd6 15.O-O g5
16.Nc3 Nxc3 17.bxc3 e5 18.c4 b5 19.Re1 a5 20.Bb2 Rhe8 21.Re4 Re6 22.Rae1 Rae8
23.cxb5 cxb5 24.a4 b4 25.h4 R6e7 26.hxg5 hxg5 27.Rg4 Rg8 28.Rge4 Rge8 29.Kh2 Rh8+
30.Kg3 Rhe8 31.Kg4 Kg6 32.Bc1 Rf7 33.f4 gxf4 34.Rxf4 Rf5 35.Be3 Rh8 36.Rc4 Be7
37.g3 Rh2 38.Bxc5 Rg5+ 39.Kf3 e4+ 40.Rcxe4 Bxc5 41.Re6+ Kf7 42.R6e2 Rxe2
43.Rxe2 Bd6 44.g4 Rc5 45.Rf2 Kg6 46.Ke4 Re5+ 47.Kd4 Kg5 48.Rg2 Rc5 49.Re2 Kxg4
50.Re6 Bf8 51.Re4+ Kf3 52.Re6 Rxc2 53.Rf6+ Ke2 54.Rxf8 b3 55.Rh8 Kd2 56.Rh1 Ra2
57.Kc4 Rxa4+ 58.Kxb3 Rb4+ 59.Ka3  1/2-1/2

[Event "4th Rethymno Open"]
[Site "Rethymno GRE"]
[Date "2012.07.12"]
[Round "7.27"]
[White "Bisby,D"]
[Black "Stray,G"]
[Result "1-0"]
[WhiteElo "2285"]
[BlackElo "2035"]

1.e4 c5 2.Nf3 Nc6 3.Bb5 g6 4.Bxc6 bxc6 5.O-O Bg7 6.d3 d6 7.Nc3 Rb8 8.Re1 e5
9.a3 Ne7 10.b4 cxb4 11.axb4 a6 12.Ra4 O-O 13.h3 h6 14.d4 exd4 15.Nxd4 c5
16.bxc5 dxc5 17.Nde2 Qb6 18.Bf4 Rb7 19.Qd6 Qxd6 20.Bxd6 Re8 21.Rxa6 Nf5 22.Bxc5 Rb2
23.Raa1 Nh4 24.Rec1 f5 25.Ra7 fxe4 26.Nd5 Rb7 27.Rxb7 Bxb7 28.c4 Kh7 29.Rb1 Bxd5
30.cxd5 Rc8 31.Bd4 Nf5 32.Rb7 Nxd4 33.Nxd4 Kg8 34.Nc6 Bf8 35.Re7 Rd8 36.Nxd8 Bxe7
37.Nb7  1-0

[Event "FSFMA1 July 2012"]
[Site "Budapest HUN"]
[Date "2012.07.13"]
[Round "6.1"]
[White "Zoldy,R"]
[Black "Mester,A"]
[Result "1-0"]
[WhiteElo "1970"]
[BlackElo "2112"]

1.e4 c5 2.Nf3 Nc6 3.Bb5 e6 4.O-O Nge7 5.Re1 a6 6.Bf1 Ng6 7.c3 d5 8.exd5 Qxd5
9.d4 cxd4 10.cxd4 Bb4 11.Nc3 Bxc3 12.bxc3 b5 13.a4 Rb8 14.axb5 axb5 15.Ba3 f6
16.Qc2 Na5 17.Bc5 Nc4 18.Ra7 Bd7 19.Nd2 Nxd2 20.Qxd2 Ne7 21.Bd3 e5 22.Qe3 Nc6
23.Be4 Qc4 24.Bxc6 Bxc6 25.Re7+ Kd8 26.dxe5 Qd5 27.f3 f5 28.Bd6 h6 29.Qa7  1-0

[Event "Irish Championships 2012"]
[Site "Dublin IRL"]
[Date "2012.07.13"]
[Round "7.3"]
[White "Fitzsimons,D"]
[Black "Cafolla,P"]
[Result "0-1"]
[WhiteElo "2294"]
[BlackElo "2027"]

1.e4 c5 2.Nf3 Nc6 3.Bb5 e6 4.Bxc6 bxc6 5.d3 d6 6.e5 dxe5 7.Nxe5 Qd5 8.Nf3 c4
9.Nc3 Bb4 10.Bd2 Bxc3 11.Bxc3 Ne7 12.dxc4 Qxc4 13.Bxg7 Rg8 14.Qd4 Qxc2 15.Rd1 Nd5
16.Be5 Ba6 17.Nd2 Rd8 18.Bg3 c5 19.Qe4 Nb4  0-1

[Event "Turkish Bank Chess League 2012"]
[Site "Konya TUR"]
[Date "2012.07.13"]
[Round "3"]
[White "Erturan,Y"]
[Black "Agamaliev,G"]
[Result "0-1"]
[WhiteElo "2377"]
[BlackElo "2518"]

1.e4 c5 2.Nf3 Nc6 3.Bb5 e6 4.O-O Nge7 5.c3 a6 6.Ba4 b5 7.Bc2 Bb7 8.d4 cxd4
9.Nxd4 Ng6 10.Be3 Qc7 11.Nd2 Bd6 12.h3 Bh2+ 13.Kh1 Bf4 14.Bxf4 Nxf4 15.N2f3 O-O
16.Ne2 Ng6 17.Ned4 Nce7 18.Qd2 e5 19.Ne2 Rad8 20.Rad1 d6 21.Ng3 Nf4 22.Qe3 Kh8
23.Ne2 Ne6 24.Ng3 f6 25.Nh4 g6 26.Rd2 d5 27.exd5 Nf4 28.Rfd1 Nexd5 29.Qe1 f5
30.Bb3 Qe7 31.Nf3 e4 32.Ng1 Nd3 33.Qe2 N5f4 34.Qe3 Nxg2 35.Kxg2 f4 36.Qb6 fxg3
37.Kxg3 e3 38.Qxe3 Qc7+ 39.f4 Rxf4 40.Rxd3 Rf3+  0-1

[Event "Turkish Bank Chess League 2012"]
[Site "Konya TUR"]
[Date "2012.07.13"]
[Round "3"]
[White "Klinova,M"]
[Black "Metin,M"]
[Result "1/2-1/2"]
[WhiteElo "2318"]
[BlackElo "2189"]

1.e4 c5 2.Nf3 Nc6 3.Bb5 g6 4.Bxc6 dxc6 5.d3 Bg4 6.Nbd2 Bg7 7.O-O Nf6 8.h3 Bxf3
9.Qxf3 O-O 10.Nc4 Nd7 11.Qe2 Nb6 12.Ne3 e5 13.a4 Qe7 14.Bd2 Nd7 15.Bc3 Qd6
16.a5 Rfe8 17.Nc4 Qc7 18.b4 Bf8 19.Qd2 b5 20.axb6 axb6 21.bxc5 Bxc5 22.Bb4 b5
23.Ne3 Qd6 24.Bxc5 Nxc5 25.Qb4 Qd4 26.Qxd4 exd4 27.Ng4 Nd7 28.f4 Kg7 29.Nh2 Ra4
30.Nf3 Rea8 31.Rxa4 Rxa4 32.Rb1 f6 33.g4 Nf8 34.Kf2 Ne6 35.Kg3 g5 36.fxg5 Nxg5
37.Nh4 Kf7 38.Nf5 Ke6 39.h4 Nf7 40.Kf4 Nd6 41.g5 Nf7 42.Ng7+ Ke7 43.Nf5+  1/2-1/2

[Event "Minsk Open 2012"]
[Site "Minsk BLR"]
[Date "2012.07.13"]
[Round "4.4"]
[White "Trifonov,D"]
[Black "Kovalev,Vl"]
[Result "0-1"]
[WhiteElo "2291"]
[BlackElo "2476"]

1.e4 c5 2.Nf3 Nc6 3.Bb5 g6 4.Bxc6 dxc6 5.d3 Bg7 6.h3 Nf6 7.Nc3 Nd7 8.Be3 e5
9.Qd2 Qe7 10.Bh6 f6 11.Bxg7 Qxg7 12.a3 Nf8 13.b4 Ne6 14.Na4 Qe7 15.Qc3 b6
16.bxc5 b5 17.Nb2 Qxc5 18.Qxc5 Nxc5 19.a4 a5 20.O-O Ke7 21.d4 exd4 22.Nxd4 Bd7
23.Rfe1 Rhd8 24.f4 Be8 25.Nf3 Ne6 26.f5 Nd4 27.Nxd4 Rxd4 28.Nd3 b4 29.Kf2 Rad8
30.Ke3 Rc4 31.Re2 c5 32.Kf2 Rc3 33.Nf4 Bf7 34.fxg6 hxg6 35.Nd5+ Bxd5 36.exd5+ Kf7
37.Rd1 Re8 38.Rdd2 Re5 39.d6 Ke8 40.Rxe5+ fxe5 41.d7+ Kd8 42.Ke2 e4 43.Kd1 e3
44.Re2 Kxd7 45.h4 Kd6 46.g4 Rc4 47.h5 Rxg4 48.h6 Rh4 49.Rxe3 Rxh6 50.Re8 c4
51.Ra8 c3 52.Ra6+ Kd7 53.Ra7+ Kd6 54.Ra6+ Kd5 55.Rxa5+ Ke4 56.Rb5  0-1

[Event "11th Condom Open A"]
[Site "Condom FRA"]
[Date "2012.07.14"]
[Round "1.7"]
[White "Carmaciu,L"]
[Black "Marty,Brice"]
[Result "1-0"]
[WhiteElo "2386"]
[BlackElo "2027"]

1.e4 c5 2.Nf3 Nc6 3.Bb5 e6 4.Bxc6 bxc6 5.d3 d5 6.O-O Nf6 7.e5 Nd7 8.c4 Be7
9.Nc3 Rb8 10.Re1 a5 11.b3 O-O 12.Ba3 Nb6 13.Qc2 f5 14.exf6 Rxf6 15.Ne5 Bd6
16.Nxc6 Qe8 17.Nxb8 Qh5 18.g3 Rh6 19.f4 Bxf4 20.Bc1 e5 21.Bxf4 exf4 22.Qe2  1-0

[Event "Helmut-Kohls-Turnier 2012"]
[Site "Dortmund GER"]
[Date "2012.07.14"]
[Round "1"]
[White "Orlov,And"]
[Black "Schmittdiel,E"]
[Result "1-0"]
[WhiteElo "2527"]
[BlackElo "2460"]

1.e4 c5 2.Nf3 Nc6 3.Bb5 e6 4.Bxc6 bxc6 5.d3 Ne7 6.Qe2 Ng6 7.h4 h5 8.e5 f6
9.Nbd2 fxe5 10.Nxe5 Nxe5 11.Qxe5 Qf6 12.Qg3 e5 13.Ne4 Qf5 14.O-O d5 15.Nd2 Bd6
16.Qxg7 Rh7 17.Qg8+ Kd7 18.Nf3 Bb7 19.Qg5 Rf7 20.Qxf5+ Rxf5 21.Ng5 c4 22.dxc4 d4
23.Ne4 c5 24.f3 Bxe4 25.fxe4 Rxf1+ 26.Kxf1 Rg8 27.Kf2 Be7 28.g3 Rf8+ 29.Ke2 Rg8
30.Kf3 Rf8+ 31.Kg2 Rg8 32.Bg5 Bxg5 33.hxg5 Rxg5 34.Rh1 Ke6 35.Kf3 Kf6 36.a3 a5
37.b4 cxb4 38.axb4 axb4 39.Rb1 Rg8 40.Rxb4 Ra8 41.Rb6+ Kg5 42.Re6 Ra3+ 43.Kg2 h4
44.gxh4+ Kxh4 45.Rxe5 Rc3 46.Kf2 Kg4 47.Ke2 Kf4 48.Re8 Kg5 49.Re6 Rxc4 50.Kd3 Rc3+
51.Kxd4 Rxc2 52.Rd6 Rd2+ 53.Ke5 Ra2 54.Ke6 Kg6 55.Ke7+ Kg7 56.e5 Ra1 57.e6 Ra7+
58.Ke8 Ra8+ 59.Rd8 Ra6 60.e7 Ra1 61.Kd7  1-0

[Event "Turkish Bank Chess League 2012"]
[Site "Konya TUR"]
[Date "2012.07.14"]
[Round "4"]
[White "Sanal,S"]
[Black "Gurcan,A"]
[Result "0-1"]
[WhiteElo "1777"]
[BlackElo "1657"]

1.e4 c5 2.Nf3 Nc6 3.Bb5 g6 4.O-O Bg7 5.Re1 Nf6 6.c3 O-O 7.d4 cxd4 8.cxd4 e6
9.a4 Qc7 10.Nc3 d6 11.h3 Ne7 12.Bf4 Nd7 13.Rc1 Qb8 14.Qd2 a6 15.Bf1 b6 16.Bh6 Bb7
17.Bxg7 Kxg7 18.d5 e5 19.b4 h6 20.Bd3 a5 21.Bb5 Qd8 22.Bxd7 Qxd7 23.Nb5 Rfc8
24.Rxc8 Rxc8 25.bxa5 bxa5 26.Rc1 Rxc1+ 27.Qxc1 Ba6 28.Qc7 Bxb5 29.Qxa5 Bxa4
30.Nd2 f5 31.exf5 gxf5 32.Nc4 Bb3 33.Nb6 Qb7 34.Qb4 Nxd5 35.Qxb3 Nxb6 36.Qg3+ Kh7
37.Qd3 Qd7 38.g4 e4 39.Qd4 Qc6 40.gxf5 Qc1+ 41.Kh2 Qf4+ 42.Kg1 Nc8 43.Qd5 Qg5+
44.Kf1 Qc1+ 45.Kg2 Qg5+ 46.Kf1 Ne7 47.Qxd6 Nxf5 48.Qd7+ Ng7 49.Qd4 Qf5 50.Kg2 Ne6
51.Qd7+ Kg6 52.Qd6 Kh5 53.Qd1+ Kg5 54.Qb3 Nf4+ 55.Kh2 Qxh3+ 56.Qxh3 Nxh3
57.Kxh3 Kf4  0-1

[Event "2nd Science Park Open A"]
[Site "Amsterdam NED"]
[Date "2012.07.15"]
[Round "2"]
[White "De Rover,YH"]
[Black "Greenfeld,A"]
[Result "0-1"]
[WhiteElo "2287"]
[BlackElo "2556"]

1.e4 c5 2.Nf3 Nc6 3.Bb5 d6 4.Bxc6+ bxc6 5.O-O Bg4 6.h3 Bh5 7.Re1 e6 8.d3 Nf6
9.g4 Bg6 10.e5 Nd7 11.exd6 Bxd6 12.Nbd2 O-O 13.Nc4 Bc7 14.Bd2 Re8 15.Bc3 f6
16.Nh4 Bf7 17.Qf3 Rc8 18.Qe3 Qe7 19.Nf5 Qf8 20.Ng3 Nb6 21.Ne4 e5 22.Nxb6 axb6
23.b3 Bd5 24.a4 f5 25.gxf5 Qxf5 26.Qg3 Re6 27.Kh2 Rg6 28.Qe3 Rf8 29.f3 Qh5
30.Rf1 Be6  0-1

[Event "Int Open ch-SVK 2012"]
[Site "Banska Stiavnica SVK"]
[Date "2012.07.15"]
[Round "9.20"]
[White "Borosova,Z"]
[Black "Pechac,Jergus"]
[Result "1-0"]
[WhiteElo "2291"]
[BlackElo "2047"]

1.e4 c5 2.Nf3 Nc6 3.Bb5 Qb6 4.Nc3 e6 5.O-O Nd4 6.Bc4 Nf6 7.e5 d5 8.exf6 dxc4
9.Ne4 Bd7 10.Ne5 Bb5 11.a4 Ba6 12.Re1 Qc7 13.f4 O-O-O 14.Ra3 gxf6 15.Nxf6 Bg7
16.Nh5 Bxe5 17.fxe5 Rhg8 18.Rg3 b6 19.Nf6 Rxg3 20.hxg3 Bb7 21.d3 cxd3 22.cxd3 c4
23.Ne4 cxd3 24.Nd6+ Rxd6 25.exd6 Qc6 26.d7+ Kxd7 27.Qd2 Ke8 28.Qf2 Ne2+ 29.Rxe2 Qxc1+
30.Re1 d2 31.Rf1 d1=Q 32.Qxf7+ Kd8 33.Qf6+ Kd7 34.Qf7+ Kd6 35.Qf4+  1-0

[Event "FSFMB July 2012"]
[Site "Budapest HUN"]
[Date "2012.07.15"]
[Round "9.2"]
[White "Bakos,Viktor"]
[Black "Nemeth,O"]
[Result "1-0"]
[WhiteElo "1435"]
[BlackElo "1837"]

1.e4 c5 2.Nf3 Nc6 3.Bb5 d6 4.Bxc6+ bxc6 5.Nc3 Nf6 6.d4 cxd4 7.Nxd4 Bd7 8.O-O g6
9.Be3 Bg7 10.Qd2 O-O 11.Bh6 Rb8 12.Rab1 Qb6 13.Bxg7 Kxg7 14.Nb3 a5 15.Rfe1 Be6
16.h3 h5 17.Qg5 Ra8 18.e5 dxe5 19.Qxe5 Kh7 20.Nc5 Rfd8 21.Nxe6 Rd2 22.Ng5+ Kh6
23.Qf4 Kg7 24.Qxd2  1-0

[Event "Turkish Bank Chess League 2012"]
[Site "Konya TUR"]
[Date "2012.07.15"]
[Round "5"]
[White "Vatansever,Buse"]
[Black "Patel,Y"]
[Result "1-0"]
[WhiteElo "1615"]
[BlackElo "1857"]

1.e4 c5 2.Nf3 Nc6 3.Bb5 g6 4.Bxc6 bxc6 5.d3 Bg7 6.O-O d6 7.h3 Nf6 8.Nc3 Rb8
9.Rb1 d5 10.Bf4 Rb7 11.exd5 cxd5 12.Qd2 O-O 13.Na4 Nd7 14.Rfe1 f6 15.Qe2 e5
16.Bc1 Qa5 17.b3 Qc7 18.Nc3 d4 19.Ne4 Re8 20.a4 f5 21.Ned2 Nb6 22.Bb2 Bd7
23.h4 Nd5 24.g3 Bc6 25.Qf1 Qb8 26.Ba3 Nc3 27.Rbc1 Rc7 28.h5 Qb7 29.Nh4 Bf6
30.Qh3 Bg5 31.Nc4 Bxc1 32.Bxc1 Qa8 33.Nxe5 Rce7 34.f4 Nd5 35.hxg6 hxg6 36.Nhxg6 Rh7
37.Qxf5 Ne3 38.Bxe3 Rh1+ 39.Kf2 Rh2+ 40.Kf1 Bg2+ 41.Kg1 Rh1+ 42.Kf2 dxe3+
43.Rxe3 Rh7 44.Nh4 Bh1 45.Ng4 Rxe3 46.Kxe3 Rxh4 47.gxh4 Qf3+ 48.Kd2 Qg2+
49.Kc3 Qg1 50.Nf6+ Kf8 51.Ne4+ Ke8 52.Qxc5  1-0

[Event "24th ch-Southern California 2012"]
[Site "Monterey Park USA"]
[Date "2012.07.15"]
[Round "3"]
[White "Peters,Ja"]
[Black "Krishnan,V"]
[Result "1-0"]
[WhiteElo "2355"]
[BlackElo "2146"]

1.e4 c5 2.Nf3 Nc6 3.Bb5 d6 4.O-O Bd7 5.c3 Nf6 6.Re1 a6 7.Bf1 Bg4 8.d3 e6
9.Nbd2 Be7 10.h3 Bh5 11.Be2 d5 12.a3 c4 13.e5 Nd7 14.dxc4 Bxf3 15.Nxf3 Ndxe5
16.Nxe5 Nxe5 17.cxd5 Qxd5 18.Qxd5 exd5 19.Bxa6 Nf3+ 20.gxf3 Rxa6 21.Bf4 Re6
22.Red1 Rf6 23.Bg3 Rf5 24.Rd3 h5 25.Re1 Kd7 26.c4 Rc8 27.cxd5 h4 28.Re5 Rxe5
29.Bxe5 Rc1+ 30.Kg2 f6 31.Bc3 Bc5 32.Bd4 Kd6 33.Bxc5+ Rxc5 34.f4 Rxd5 35.Rb3 Kc6
36.Kf3 f5 37.Ke3 Rd1 38.Rc3+ Kb6 39.Rd3 Re1+ 40.Kf3 Re6 41.Rd7 g6 42.Rh7 Rd6
43.Rxh4 Rd2 44.Rh6 Rxb2 45.Rxg6+ Kc5 46.Rf6 Rb3+ 47.Kg2 Rxa3 48.Rxf5+ Kc4
49.Rf8 b5 50.f5 b4 51.f6 Ra7 52.Kg3 b3 53.Rc8+ Kd5 54.Rb8 Ke6 55.Rb6+ Kf7
56.Kg4 b2 57.f4 b1=B 58.Rxb1 Kxf6 59.Rb6+ Kg7 60.Kg5 Rc7 61.f5 Ra7 62.h4 Rc7
63.h5 Ra7 64.h6+ Kh7 65.Re6 Rb7 66.Re5 Ra7 67.f6 Ra1 68.f7 Ra8 69.Re8 Rxe8
70.fxe8=N Kh8 71.Kg6 Kg8 72.Nd6 Kh8 73.Nf7+  1-0

[Event "112th ch-SUI 2012"]
[Site "Flims SUI"]
[Date "2012.07.16"]
[Round "5.3"]
[White "Gallagher,Jo"]
[Black "Carron,J"]
[Result "1-0"]
[WhiteElo "2500"]
[BlackElo "2372"]

1.e4 c5 2.Nf3 Nc6 3.Bb5 e6 4.O-O Nge7 5.Nc3 Nd4 6.Nxd4 cxd4 7.Ne2 a6 8.Ba4 b5
9.Bb3 Nc6 10.d3 Bb7 11.f4 Qb6 12.a3 Be7 13.Bd2 h5 14.Kh1 g6 15.Ng1 Na5 16.Ba2 f5
17.Nf3 fxe4 18.dxe4 Nc4 19.Bxc4 bxc4 20.Qe2 Rc8 21.Ne5 Rg8 22.Rae1 Qb5 23.a4 Qc5
24.b4 cxb3 25.cxb3 Bf6 26.Rc1 Qe7 27.Rxc8+ Bxc8 28.Rc1  1-0

[Event "Corporation Centre Cup A"]
[Site "Izhevsk RUS"]
[Date "2012.07.16"]
[Round "2"]
[White "Panarin,M"]
[Black "Ogloblin,N"]
[Result "1-0"]
[WhiteElo "2549"]
[BlackElo "2353"]

1.e4 c5 2.Nf3 Nc6 3.Bb5 g6 4.Bxc6 dxc6 5.h3 Bg7 6.d3 Nf6 7.Nc3 O-O 8.Be3 b6
9.Qd2 Re8 10.Bh6 Bh8 11.O-O e5 12.Nh2 Be6 13.b3 Nh5 14.Ne2 Qd6 15.Rae1 Bg7
16.Bxg7 Nxg7 17.Qh6 Qf8 18.f4 exf4 19.Nxf4 Bd7 20.Ne2 Rad8 21.Ng3 Re7 22.Qh4 h5
23.Nf3 Rde8 24.Re2 f6 25.Ref2 Rf7 26.e5 fxe5 27.Nxe5 Rxf2 28.Rxf2 Qd6 29.Nxd7 Re1+
30.Kh2 Qxd7 31.Ne4 Qc7+ 32.g3 Qe5 33.Qd8+ Ne8 34.Nf6+ Kg7 35.Qd7+  1-0

[Event "Turkish Bank Chess League 2012"]
[Site "Konya TUR"]
[Date "2012.07.16"]
[Round "7"]
[White "Sanal,V"]
[Black "Okus,M"]
[Result "1-0"]
[WhiteElo "2332"]
[BlackElo "1966"]

1.e4 c5 2.Nf3 Nc6 3.Bb5 g6 4.O-O Bg7 5.c3 Nf6 6.Re1 O-O 7.d4 cxd4 8.cxd4 d5
9.e5 Ne4 10.h3 Qb6 11.Na3 Rd8 12.Bf1 f6 13.Nc4 dxc4 14.Bxc4+ Kh8 15.Rxe4 Bf5
16.Re1 Nxd4 17.Be3 Nxf3+ 18.Qxf3 Qxb2 19.e6 Rd6 20.Bc5 Rc6 21.Ba3 Qd4 22.Bb3 Bxe6
23.Bxe6 Rxe6 24.Qxb7 Re8 25.Red1 Qa4 26.Bc5 f5 27.Rac1 Qc6 28.Qb3 Qa6 29.Rd7 Rc6
30.Qf7 Qc8 31.Rxe7 Rxe7 32.Qxe7 Rc7 33.Qd6 Qd7 34.Qa6 Rc6 35.Qa4 Qc7 36.Re1 Bf6
37.Bxa7 Rc1 38.Rxc1 Qxc1+ 39.Kh2 Be5+ 40.g3 Qc7 41.Bd4 Bxd4 42.Qxd4+ Kg8
43.a4 Qa5 44.Qc4+ Kg7 45.Qb5 Qe1 46.Qc5 Qe2 47.a5 Qa2 48.Qe7+ Kg8 49.Qa7 f4
50.gxf4 Qd2 51.Qb8+ Kf7 52.Qc7+ Kg8 53.Qb8+ Kf7 54.Qa7+ Kg8 55.Kg3 Qc3+ 56.Kg2 Qc6+
57.Kh2 Qd6 58.Qe3 Kf7 59.Qe5 Qd2 60.Kg2 Qd3 61.Qc7+ Kg8 62.Qb8+ Kg7 63.Qb7+ Kh6
64.a6  1-0

[Event "Turkish Bank Chess League 2012"]
[Site "Konya TUR"]
[Date "2012.07.16"]
[Round "7"]
[White "Safarli,E"]
[Black "Tregubov,P"]
[Result "1/2-1/2"]
[WhiteElo "2623"]
[BlackElo "2595"]

1.e4 c5 2.Nf3 Nc6 3.Bb5 Nf6 4.Bxc6 dxc6 5.d3 Bg4 6.Nbd2 Nd7 7.h3 Bh5 8.Nf1 Bxf3
9.Qxf3 g6 10.Ne3 Bg7 11.O-O O-O 12.Qe2 e5 13.a4  1/2-1/2

[Event "Turkish Bank Chess League 2012"]
[Site "Konya TUR"]
[Date "2012.07.16"]
[Round "7"]
[White "Ersoz,B"]
[Black "Dogan,Mire Deniz"]
[Result "1-0"]
[WhiteElo "1943"]
[BlackElo "1789"]

1.e4 c5 2.Nf3 Nc6 3.Bb5 g6 4.O-O Bg7 5.Re1 Nf6 6.e5 Nd5 7.Nc3 Nc7 8.Bxc6 dxc6
9.Ne4 Ne6 10.d3 O-O 11.Be3 b6 12.Qd2 Re8 13.Bh6 Bh8 14.Neg5 Ng7 15.Bxg7 Bxg7
16.Qf4 Rf8 17.Ne4 Be6 18.Rad1 Qc7 19.Qg3 Rad8 20.b3 h6 21.Nc3 Bd5 22.Nxd5 cxd5
23.Nh4 Kh7 24.f4 e6 25.Rf1 Rg8 26.Qh3 Rde8 27.g4 Bf8 28.Rf3 c4 29.bxc4 dxc4
30.d4 g5 31.fxg5 Rxg5 32.Rdf1 Re7 33.Rf4 Kg8 34.Nf3 Rg6 35.Nd2 Bg7 36.Ne4 Rd7
37.c3 Qd8 38.Kh1 b5 39.Qf3 Qc7 40.h4 Qd8 41.Qh3 Qa8 42.h5 Rg5 43.Qf3 Qb7
44.Kh2 a5 45.a3 Rc7 46.Qe3 Qa8 47.Nxg5 hxg5 48.R4f3 Qd8 49.Rf6 Bxf6 50.Rxf6 b4
51.Qxg5+ Kf8 52.Rxf7+  1-0

[Event "Turkish Bank Chess League 2012"]
[Site "Konya TUR"]
[Date "2012.07.16"]
[Round "7"]
[White "Soylu,S"]
[Black "Mamedov,Rau"]
[Result "0-1"]
[WhiteElo "2409"]
[BlackElo "2628"]

1.e4 c5 2.Nf3 Nc6 3.Bb5 g6 4.O-O Bg7 5.c3 Nf6 6.Re1 O-O 7.h3 Qb6 8.Ba4 d6
9.d4 Nd7 10.d5 Nce5 11.Nbd2 Qa6 12.Bb3 Bh6 13.Rf1 c4 14.Bc2 Bg7 15.Qe2 b5
16.Nxe5 Nxe5 17.f4 Nd7 18.Nf3 b4 19.cxb4 Qb6+ 20.Qf2 Qxb4 21.Qh4 c3 22.b3 Ba6
23.Rf2 Nc5 24.f5 Nd3 25.a3 Qc5 26.Bxd3 Bxd3 27.Bh6 c2 28.Rc1 Bf6 29.Bg5 Qxa3
30.Qh6 Bg7 31.Qh4 Rac8 32.Ne1 Qxb3 33.Bxe7 Bd4 34.Bxf8 Rxf8 35.Qg3 Bxf2+
36.Qxf2 Bxe4 37.Qf4 Bxf5 38.g4 Bd7  0-1

[Event "Turkish Bank Chess League 2012"]
[Site "Konya TUR"]
[Date "2012.07.16"]
[Round "7"]
[White "Tuncer,Tuna"]
[Black "Hasbay,Erim"]
[Result "1-0"]
[WhiteElo "1770"]
[BlackElo "1831"]

1.e4 c5 2.Nf3 Nc6 3.Bb5 g6 4.Bxc6 dxc6 5.d3 Bg7 6.h3 Nf6 7.Nc3 Nd7 8.Be3 e5
9.Qd2 h6 10.O-O Qe7 11.a3 Nf8 12.b4 Ne6 13.bxc5 Nxc5 14.d4 exd4 15.Bxd4 O-O
16.Bxg7 Kxg7 17.Rfe1 Rd8 18.Qe3 Be6 19.e5 Rd7 20.Rab1 Rad8 21.Rb4 a5 22.Rh4 Rh8
23.Rd4 Rxd4 24.Nxd4 Rd8 25.f4 h5 26.Nf3 Bf5 27.Qf2 Ne6 28.Nh4 Bxc2 29.Kh2 Rd4
30.Nf3 Rc4 31.Qxc2 Qxa3 32.Re3 Qb4 33.f5 gxf5 34.Nd2 Nd4 35.Qd3 Rc5 36.Rg3+ Kf8
37.Na2 Qa4 38.Nc3 Qb4 39.Na2 Qa4 40.Qe3 Qxa2 41.Qh6+  1-0

[Event "6th Varna Open"]
[Site "Varna BUL"]
[Date "2012.07.16"]
[Round "5.8"]
[White "Sofranov,V"]
[Black "Janev,P"]
[Result "1-0"]
[WhiteElo "2210"]
[BlackElo "2046"]

1.e4 c5 2.Nf3 Nc6 3.Bb5 g6 4.Bxc6 bxc6 5.O-O Bg7 6.Re1 Nh6 7.c3 f5 8.e5 O-O
9.d4 cxd4 10.cxd4 f4 11.Nc3 d6 12.Qb3+ Kh8 13.Ne2 Bg4 14.Nxf4 Rb8 15.Qc3 c5
16.dxc5 Nf7 17.h3 dxe5 18.hxg4 exf4 19.Qc2 Qc8 20.Rxe7 Qxg4 21.Rb1 Ne5 22.Rxe5 Bxe5
23.Nxe5 Qe6 24.b4 Kg8 25.Qc4 Rbe8 26.Qxe6+ Rxe6 27.Bb2 h5 28.Rc1 g5 29.c6 g4
30.b5 Rd6 31.Nd7 Rc8 32.Nf6+ Kf7 33.Nxh5 Rd5 34.Nxf4 Rxb5 35.Rc2 a5 36.Kh2 Ke7
37.Ba3+ Kf6 38.Kg3 Ke5 39.Kxg4 Rb6 40.Rc5+ Kd4 41.c7 a4 42.Kf3 Rb7 43.g4 Rb1
44.Ne6+ Kd3 45.Rd5+  1-0

[Event "35th Taminco Open"]
[Site "Ghent BEL"]
[Date "2012.07.17"]
[Round "7.9"]
[White "Lavendelis,E"]
[Black "Ghysels,M"]
[Result "1-0"]
[WhiteElo "2340"]
[BlackElo "2095"]

1.e4 c5 2.Nf3 Nc6 3.Bb5 g6 4.c3 Bg7 5.O-O Nf6 6.Qe2 O-O 7.d4 cxd4 8.cxd4 d5
9.e5 Ne4 10.Be3 f6 11.exf6 exf6 12.Nc3 Nxc3 13.bxc3 Na5 14.Nd2 Bd7 15.Nb3 Nxb3
16.axb3 a6 17.Bxd7 Qxd7 18.c4 Rfe8 19.Qf3 a5 20.Rfc1 dxc4 21.bxc4 a4 22.Rcb1 Re7
23.Ra3 f5 24.g3 Re4 25.Rb5 Bf8 26.Ra2 Qc6 27.Qe2 a3 28.f3 Rxe3 29.Qxe3 Qxc4
30.Qb3 Qxb3 31.Rxb3 Ra4 32.Rxb7 Rxd4 33.Kf1 Ra4 34.Rb3 Kf7 35.Ke2 Rc4 36.Rb7+ Kg8
37.Ra7 Rc1 38.Kd3 Rc6 39.Re2 Rc8 40.Re6 Kh8 41.Rea6 Kg8 42.h4 Bb4 43.Rb7 Bc5
44.Ra5 Bf8 45.h5 Rd8+ 46.Kc4 Rc8+ 47.Kd3 Rd8+ 48.Ke2 Re8+ 49.Kf1 Rc8 50.hxg6 hxg6
51.Kg2 Rc2+ 52.Kh3 Rf2 53.f4 Rf1 54.Ra8 Ra1 55.Rba7 Rh1+ 56.Kg2 Ra1 57.Kf3 Rf1+
58.Ke2 Rg1 59.Kf2 Ra1 60.Kg2 Ra2+ 61.Kh3 Ra1 62.Kh4 Ra2 63.Kg5 Rg2 64.Kf6 Kh8  1-0

[Event "GER-POL w Match 2012"]
[Site "Gladenbach GER"]
[Date "2012.07.17"]
[Round "1.4"]
[White "Levushkina,E"]
[Black "Toma,K"]
[Result "0-1"]
[WhiteElo "2313"]
[BlackElo "2303"]

1.e4 c5 2.Nf3 Nc6 3.Bb5 e6 4.Bxc6 bxc6 5.d3 Ne7 6.Qe2 d5 7.O-O Ng6 8.Nc3 Be7
9.b3 O-O 10.Na4 e5 11.Be3 f5 12.exd5 cxd5 13.Bxc5 e4 14.Ne1 Nf4 15.Qd1 Rf6
16.Bxe7 Qxe7 17.Qd2 Qe5 18.Rd1 d4 19.dxe4 fxe4 20.c3 d3 21.Qe3 Qh5 22.Nxd3 exd3
23.Nc5 Qg6 24.g3 Bg4 25.Nxd3 Nh3+ 26.Kg2 Bf3+ 27.Qxf3 Rxf3 28.Kxf3 Ng5+  0-1

[Event "Corporation Centre Cup A"]
[Site "Izhevsk RUS"]
[Date "2012.07.17"]
[Round "3"]
[White "Tsvetkov,Pavel"]
[Black "Fatkhutdinov,G"]
[Result "0-1"]
[WhiteElo "2136"]
[BlackElo "2354"]

1.e4 c5 2.Nf3 Nc6 3.Bb5 e6 4.c3 Nge7 5.d4 cxd4 6.Nxd4 a6 7.Ba4 b5 8.Bc2 Bb7
9.O-O Ng6 10.Be3 d5 11.Nd2 Nxd4 12.cxd4 dxe4 13.Bxe4 Bxe4 14.Nxe4 Be7 15.Rc1 O-O
16.Rc6 Qd5 17.Qc2 Qxa2 18.d5 Qxd5 19.Rd1 Qf5 20.Rd7 Rfd8 21.Rcc7 h6 22.f3 Rxd7
23.Rxd7 Qe5 24.Qc6 Qb8 25.Bd4 Qc8 26.Rc7 Qe8 27.Qb7 a5 28.h4 Rb8 29.Qa7 Rc8
30.h5 Rxc7 31.Qxc7 Bd8 32.Qg3 Qd7 33.Nd6 Bh4 34.Qg4 Qxd6 35.hxg6 Bg5 36.gxf7+ Kxf7
37.Bf2 Qf4 38.Qh5+ g6 39.Qh3 Qc1+ 40.Kh2 Qxb2 41.Qg3 Qc1  0-1

[Event "27th Gniota Memorial"]
[Site "Police POL"]
[Date "2012.07.17"]
[Round "7.8"]
[White "Przybylski,W"]
[Black "Korbal,A"]
[Result "1-0"]
[WhiteElo "2330"]
[BlackElo "2127"]

1.e4 c5 2.Nf3 Nc6 3.Bb5 e6 4.O-O Nge7 5.c3 a6 6.Ba4 b5 7.Bc2 Ng6 8.d4 d6
9.d5 Nce5 10.Ng5 Be7 11.Nh3 exd5 12.f4 Nc4 13.Qxd5 Bxh3 14.gxh3 O-O 15.Rf3 Nb6
16.Qh5 Nd7 17.Rf1 Nf6 18.Qf3 Re8 19.Be3 Bf8 20.Nd2 Rc8 21.Rad1 Qe7 22.Bf2 Qb7
23.Rfe1 Rcd8 24.b3 Nd7 25.Bg3 Be7 26.Nf1 Nb6 27.Ne3 Bf6 28.Nf5 Qc6 29.Bf2 a5
30.Kg2 Nc8 31.h4 Nce7 32.h5 Nxf5 33.hxg6 Nh4+ 34.Bxh4 Bxh4 35.gxf7+  1-0